Research methods in psychology / (Record no. 24100)

000 -LEADER
fixed length control field 01405cam a2200325 a 4500
001 - CONTROL NUMBER
control field 740282
003 - CONTROL NUMBER IDENTIFIER
control field NUST
005 - DATE AND TIME OF LATEST TRANSACTION
control field 20170601103841.0
008 - FIXED-LENGTH DATA ELEMENTS--GENERAL INFORMATION
fixed length control field 990505s2000 maua b 001 0 eng
010 ## - LIBRARY OF CONGRESS CONTROL NUMBER
LC control number 99015858
020 ## - INTERNATIONAL STANDARD BOOK NUMBER
International Standard Book Number 0072312602 (alk. paper)
040 ## - CATALOGING SOURCE
Original cataloging agency DLC
Transcribing agency RCMS
Modifying agency DLC
050 00 - LIBRARY OF CONGRESS CALL NUMBER
Classification number 150.7/2 SHA
Item number .S46 2000
082 00 - DEWEY DECIMAL CLASSIFICATION NUMBER
Classification number 150.7/2 SHA
Edition number 21
100 1# - MAIN ENTRY--PERSONAL NAME
Personal name John J. Shaughnessy,
Dates associated with a name 1947-
9 (RLIN) 1786
245 10 - TITLE STATEMENT
Title Research methods in psychology /
Statement of responsibility, etc. John J. Shaughnessy, Eugene B. Zechmeister, Jeanne S. Zechmeister.
250 ## - EDITION STATEMENT
Edition statement 5th ed.
260 ## - PUBLICATION, DISTRIBUTION, ETC.
Place of publication, distribution, etc. Boston MA :
Name of publisher, distributor, etc. McGraw-Hill,
Date of publication, distribution, etc. c2000.
300 ## - PHYSICAL DESCRIPTION
Extent xv, 560 p. :
Other physical details ill. ;
Dimensions 25 cm.
504 ## - BIBLIOGRAPHY, ETC. NOTE
Bibliography, etc. note Includes bibliographical references (p. 534-547) and indexes.
538 ## - SYSTEM DETAILS NOTE
Display text Shelf # 13, Row # 1, Fiction.
650 #0 - SUBJECT ADDED ENTRY--TOPICAL TERM
Topical term or geographic name entry element Psychology
General subdivision Research
-- Methodology
Form subdivision Textbooks.
9 (RLIN) 1787
650 #0 - SUBJECT ADDED ENTRY--TOPICAL TERM
Topical term or geographic name entry element Psychology, Experimental
Form subdivision Textbooks.
9 (RLIN) 1788
700 1# - ADDED ENTRY--PERSONAL NAME
Personal name Zechmeister, Eugene B.,
Dates associated with a name 1944-
9 (RLIN) 1789
700 1# - ADDED ENTRY--PERSONAL NAME
Personal name Zechmeister, Jeanne S.
9 (RLIN) 1790
856 42 - ELECTRONIC LOCATION AND ACCESS
Materials specified Publisher description
Uniform Resource Identifier <a href="http://www.loc.gov/catdir/description/mh023/99015858.html">http://www.loc.gov/catdir/description/mh023/99015858.html</a>
856 41 - ELECTRONIC LOCATION AND ACCESS
Materials specified Table of contents
Uniform Resource Identifier <a href="http://www.loc.gov/catdir/toc/mh023/99015858.html">http://www.loc.gov/catdir/toc/mh023/99015858.html</a>
906 ## - LOCAL DATA ELEMENT F, LDF (RLIN)
a 7
b cbc
c orignew
d 1
e ocip
f 19
g y-gencatlg
942 ## - ADDED ENTRY ELEMENTS (KOHA)
Source of classification or shelving scheme
Koha item type Book
Classification part 150.7/2 SHA
Holdings
Withdrawn status Lost status Source of classification or shelving scheme Damaged status Not for loan Permanent Location Current Location Shelving location Date acquired Full call number Barcode Date last seen Price effective from Koha item type
          NUST Baluchistan Campus (NBC) NUST Baluchistan Campus (NBC) General Stacks 05/07/2014 150.7SHA RCMS000641 05/07/2014 05/07/2014 Book
© 2023 Central Library, National University of Sciences and Technology. All Rights Reserved.